Public sector energy scheme (Record no. 117145)
[ view plain ]
| 000 -LEADER | |
|---|---|
| fixed length control field | 01121cam a2200205 4500 |
| 001 - CONTROL NUMBER | |
| control field | WB4013-06 |
| 008 - FIXED-LENGTH DATA ELEMENTS--GENERAL INFORMATION | |
| fixed length control field | 040329n2004 000 0 eng u |
| 035 ## - SYSTEM CONTROL NUMBER | |
| System control number | (Sirsi) u125657 |
| 245 ## - TITLE STATEMENT | |
| Title | Public sector energy scheme |
| 260 ## - PUBLICATION, DISTRIBUTION, ETC. | |
| Date of publication, distribution, etc. | 2004 |
| 490 ## - SERIES STATEMENT | |
| Series statement | Scottish Executive News Release |
| Volume/sequential designation | (SEEL294/2004) 26 March 2004 (2) |
| 520 ## - SUMMARY, ETC. | |
| Summary, etc. | The Scottish Executive has announced an initiative to invest £20m to make hundreds of public buildings in Scotland energy efficient. The Executive aims to help save up to £70m over the next five years for spending on schools, health and other public services by spending money now on energy saving measures. The fund is worth £20m over two years and is available to all 32 Scottish local authorities. The Executive also aims to lead by example and demonstrate that energy efficiency policies are practical and deliver quick tangible benefits. http://www.scotland.gov.uk/pages/news/2004/03/SEEL 294.aspx |
| 590 ## - LOCAL NOTE (RLIN) | |
| Local note | WB |
| 590 ## - LOCAL NOTE (RLIN) | |
| Local note | WB |
| 650 ## - SUBJECT ADDED ENTRY--TOPICAL TERM | |
| Topical term or geographic name entry element | SCOTLAND |
| 650 ## - SUBJECT ADDED ENTRY--TOPICAL TERM | |
| Topical term or geographic name entry element | ENERGY EFFICIENT BUILDINGS |
| 650 ## - SUBJECT ADDED ENTRY--TOPICAL TERM | |
| Topical term or geographic name entry element | PUBLIC SECTOR |
| 690 ## - LOCAL SUBJECT ADDED ENTRY--TOPICAL TERM (OCLC, RLIN) | |
| Topical term or geographic name as entry element | ENERGY-EFFICIENCY |
| 942 ## - ADDED ENTRY ELEMENTS (KOHA) | |
| Suppress in OPAC | 0 |
| Withdrawn status | Lost status | Source of classification or shelving scheme | Damaged status | Not for loan | Home library | Current library | Shelving location | Date acquired | Total Checkouts | Full call number | Barcode | Date last seen | Copy number | Price effective from | Koha item type |
|---|---|---|---|---|---|---|---|---|---|---|---|---|---|---|---|
| Dewey Decimal Classification | London | London | News article | 29/03/2004 | WB4013-06 | 125657-1001 | 06/08/2019 | 1 | 06/08/2019 | News article |